000 00312nam a2200145Ia 4500
100 _aForouzan/ Behrouz/ A
942 _cBK
654 _aTCP/IP
245 _aTCP/IP:Protocol Suite
260 _bTata Mc Graw hill
_aNew Delhi
_c2000
082 _a4.62
_bFOR
300 _a836
546 _aENGLISH
999 _c25663
_d25663